| 000 | 01671cam a2200385 a 4500 | ||
|---|---|---|---|
| 001 | 2002 | ||
| 003 | FISKH | ||
| 005 | 20231027144408.0 | ||
| 008 | 990402s1999 nyua b 000 1 eng | ||
| 010 | _a 99062459 | ||
| 020 | _a0064442691 (pbk.) | ||
| 020 | _a046594002990 | ||
| 040 |
_aDLC _cDLC _dDLC _beng |
||
| 042 | _alcac | ||
| 050 | 0 | 0 |
_aPZ7.R387 _bSt 1999 |
| 082 | 0 | 0 |
_a514 _221 |
| 100 | 1 | _aRichards, Kitty. | |
| 245 | 1 | 0 |
_aStuart Little. _pStuart finds his way home / _cbased on the screenplay by Gregory J. Brooker and M. Night Shyamalan ; [adaptation by Kitty Richards ; illustrations by Carolyn Bracken]. |
| 246 | 3 | 0 | _aStuart finds his way home |
| 260 |
_aNew York : _bHarper Collins, _c1999. |
||
| 300 |
_a24 unnumbered pages : _bcolor illustrations; _c22 cm |
||
| 505 | _aE | ||
| 520 | _aChased Away When the Littles bring their new son home, their cat, Snowbell, tries to eat him. After all, Stuart is a mouse, not a person. And Snowbell doesn't like the idea of a mouse ordering him around. So he and the neighborhood cats trick Stuart into leaving the Littles. Stuart goes far away, but realizes he misses his family. Will Stuart ever make it back home? | ||
| 521 | 8 | _a260 | |
| 521 | 8 |
_a260
_bLexile estimate |
|
| 521 | 8 |
_aE
_bRaz-Plus |
|
| 650 | 1 |
_aMice _vFiction. |
|
| 650 | 1 |
_aCats _vFiction. |
|
| 700 | 1 |
_aBracken, Carolyn, _eillustrator. |
|
| 700 | 1 | _aBrooker, Greg. | |
| 700 | 1 | _aShyamalan, M. Night. | |
| 906 |
_a7 _bcbc _corignew _d2 _eopcn _f19 _gy-gencatlg |
||
| 942 |
_2ddc _cBK _n0 |
||
| 999 |
_c2002 _d2002 |
||